000 00759cam a2200193 4500
001 WB3728-06
008 010717n2001 000 0 eng u
035 _a(Sirsi) u113661
245 _aNo termites at Saunton
260 _c2001
490 _aDTLR News Release
_v(321) 17 July 2001, (2)
520 _aThere has been no termite activity detected at Saunton, Devon, for a year. The DTLR had set up a programme to eradicate and then monitor termite activity following BRE advice in order to ensure the termites were completely eradicated and did not spread to other parts of the country.
590 _aWB
650 _aTERMITES
650 _aPEST INFESTATION
650 _aPEST CONTROL
690 _aBUILT ENVIRONMENT-BUILDING INSPECTION
942 _n0
999 _c67726
_d67726